Racism, public schooling, and the entrenchment of white supremacy : a critical race ethnography
Αποθηκεύτηκε σε:
| Κύριος συγγραφέας: | |
|---|---|
| Μορφή: | Βιβλίο |
| Γλώσσα: | English |
| Δημοσίευση: |
Albany :
State University of New York Press (SUNY),
c2011.
|
| Θέματα: | |
| Ετικέτες: |
Προσθήκη ετικέτας
Δεν υπάρχουν, Καταχωρήστε ετικέτα πρώτοι!
|
MARC
| LEADER | 00000cam a2200000 a 4500 | ||
|---|---|---|---|
| 001 | 1/106591 | ||
| 008 | 150528s2011####nyu| ||| |||| ||eng|| | ||
| 020 | |a 9781438434681 (χαρτόδ.) | ||
| 040 | |a GR-MyUa |b gre |c GR-MyUa |e AACR2 | ||
| 041 | 0 | |a eng | |
| 082 | 7 | |a 379.26 |2 (23) | |
| 100 | 1 | |a Vaught, Sabina Elena, |d 1970- | |
| 245 | 1 | 0 | |a Racism, public schooling, and the entrenchment of white supremacy : |b a critical race ethnography / |c Sabina E. Vaught. |
| 260 | |a Albany : |b State University of New York Press (SUNY), |c c2011. | ||
| 300 | |a x, 240 σ. ; |c 24 εκ. | ||
| 504 | |a Περιλαμβάνει βιβλιογραφία (σ. 221-237) και ευρετήριο. | ||
| 650 | 0 | |a Public schools |z United States. | |
| 650 | 0 | |a African American students |x Social conditions. | |
| 650 | 0 | |a Racism in education |z United States. | |
| 650 | 0 | |a Discrimination in education |z United States. | |
| 852 | |a INST |b LESVOS |e 20150528 |h 379.26 VAU |p 005100056844 |q 005100056844 |t BK |y 0 | ||
| 970 | |a Τζαφέρη |b Ευαγγελία |z 28-05-2015 | ||